[Event "interzonal (w)"]
[Site "Subotica YUG"]
[Date "1991.??.??"]
[Round "1"]
[White "Chelushkina, Irina"]
[Black "Vuksanovic, Sanja"]
[Result "0-1"]
[WhiteElo "2305"]
[BlackElo "2150"]
[EventDate "1991.11.??"]
[PlyCount "84"]

1.c4 e5 2.g3 Nc6 3.Bg2 f5 4.Nc3 Nf6 5.d3 Bb4 6.Bd2 O-O 7.a3 Bxc3 8.Bxc3 d6
9.Nf3 Qe8 10.Nd2 Kh8 11.b4 Bd7 12.b5 Nd8 13.a4 Rb8 14.Ba5 Ne6 15.Bd5 c6 
16.Bg2 Qf7 17.O-O Qh5 18.Re1 f4 19.Ne4 fxg3 20.Nxg3 Qh4 21.f3 Nh5 22.Nxh5 
Qxh5 23.Ra2 Rf6 24.Bd2 Rbf8 25.Rf1 Rg6 26.Rf2 Nd4 27.Kh1 Nf5 28.Bc1 Qh4 
29.e4 Nd4 30.Be3 c5 31.a5 Rgf6 32.Rf1 Qh5 33.Raf2 g5 34.Rg1 g4 35.fxg4 
Bxg4 36.Rxf6 Rxf6 37.Qe1 Nf3 38.Qg3 Nxg1 39.Kxg1 Bf3 40.Bg5 Rf7 41.Bh3 
Bxe4 42.dxe4 Qd1+ 0-1

[Event "interzonal (w)"]
[Site "Subotica YUG"]
[Date "1991.??.??"]
[Round "1"]
[White "Csonkics, Tunde"]
[Black "Koskela, Niina"]
[Result "1/2-1/2"]
[WhiteElo "2320"]
[BlackElo "2110"]
[EventDate "1991.11.??"]
[PlyCount "129"]

1.d4 Nf6 2.c4 e6 3.Nf3 b6 4.e3 Bb7 5.Bd3 Be7 6.Nc3 d5 7.O-O O-O 8.Qe2 Nbd7
9.cxd5 exd5 10.Ne5 Nxe5 11.dxe5 Nd7 12.Qc2 Nxe5 13.Bxh7+ Kh8 14.Qf5 g6 15.
Qxe5+ Bf6 16.Qf4 Bg5 17.Qg4 Kxh7 18.Rd1 c6 19.f4 Bh6 20.f5 Bc8 21.e4 Qf6 
22.Bxh6 Kxh6 23.Qf4+ Qg5 24.Qxg5+ Kxg5 25.fxg6 dxe4 26.Nxe4+ Kxg6 27.Rd6+ 
Kg7 28.Rxc6 Bb7 29.Rc4 Bxe4 30.Rxe4 Rfe8 31.Rae1 Rxe4 32.Rxe4 Rc8 33.Kf2 
Kf6 34.Kf3 Rc1 35.h4 Kg6 36.g3 Rf1+ 37.Kg2 Ra1 38.a3 Rc1 39.Kf3 Rc5 40.Re7
Rc2 41.Re2 Rc1 42.a4 b5 43.a5 b4 44.Re4 Ra1 45.Rg4+ Kh6 46.Rxb4 Rxa5 47.
Rc4 Rb5 48.b4 a5 49.bxa5 Rxa5 50.Kf4 Ra1 51.Kf5 Rf1+ 52.Rf4 Rg1 53.g4 Kg7 
54.Rd4 Re1 55.Rd6 Ra1 56.Rd5 Ra6 57.g5 Ra1 58.Kg4 Rg1+ 59.Kf5 Rf1+ 60.Kg4 
Rg1+ 61.Kf3 Rf1+ 62.Ke3 f6 63.Rd7+ Kg6 64.Rd6 Kg7 65.Rd7+ 1/2-1/2

[Event "interzonal (w)"]
[Site "Subotica YUG"]
[Date "1991.??.??"]
[Round "1"]
[White "Demina, Yulia"]
[Black "Nutu-Gajic, Daniela"]
[Result "1-0"]
[WhiteElo "2370"]
[BlackElo "2310"]
[EventDate "1991.11.??"]
[PlyCount "115"]

1.Nf3 c5 2.c4 Nc6 3.Nc3 Nd4 4.e3 Nxf3+ 5.Qxf3 g6 6.g3 Bg7 7.Bg2 d6 8.O-O 
Rb8 9.Qe2 Nh6 10.h3 O-O 11.Rb1 b6 12.e4 f5 13.d3 a6 14.Bd2 e6 15.b4 g5 16.
exf5 Nxf5 17.Ne4 h6 18.bxc5 dxc5 19.Nxc5 Bd4 20.Ne4 Bb7 21.Kh2 Rf7 22.Nc3 
Bxg2 23.Kxg2 Qd6 24.Ne4 Qc6 25.Bc1 b5 26.Ba3 Rd8 27.cxb5 axb5 28.Bb2 Qd5 
29.Bxd4 Nxd4 30.Qh5 Kg7 31.h4 gxh4 32.Qxh4 Nf5 33.Qg4+ Kh7 34.Rh1 Rg8 35.
Qe2 Rg6 36.Rh3 Ra7 37.Rb2 Ra3 38.Rd2 Kg7 39.Rh5 Qa8 40.Kh3 Qf8 41.Rc2 Qd8 
42.Rc3 Rxc3 43.Nxc3 Qd4 44.Ne4 Qa1 45.Kg2 Kh7 46.Rh1 Qg7 47.Rc1 Qf7 48.Rc5
Nh4+ 49.Kh1 Nf5 50.Qh5 Qg7 51.Rxb5 Qa1+ 52.Kg2 Qxa2 53.Rb7+ Ng7 54.Qe5 Qd5
55.Qxd5 exd5 56.Nc3 Rd6 57.Nb5 Rd8 58.Nd4 1-0

[Event "interzonal (w)"]
[Site "Subotica YUG"]
[Date "1991.??.??"]
[Round "1"]
[White "Ioseliani, Nana"]
[Black "Bojkovic, Natasa"]
[Result "1-0"]
[WhiteElo "2470"]
[BlackElo "2340"]
[EventDate "1991.11.??"]
[PlyCount "103"]

1.Nf3 Nf6 2.c4 e6 3.g3 d5 4.b3 Be7 5.Bg2 O-O 6.O-O c5 7.Bb2 Nc6 8.e3 b6 9.
d4 cxd4 10.Nxd4 Bb7 11.Nc3 Na5 12.cxd5 Nxd5 13.Nxd5 exd5 14.Rc1 Qd7 15.Qh5
f5 16.Rfd1 g6 17.Qe2 Bf6 18.Ba3 Rfc8 19.Qb5 Qf7 20.Ne2 Rxc1 21.Rxc1 Rd8 
22.Bb4 Qd7 23.Qxd7 Rxd7 24.Bxa5 bxa5 25.Nd4 Bd8 26.Bf1 Bb6 27.Bb5 Re7 28.
Bd3 Kf7 29.Kf1 Kf6 30.Bb5 Ke5 31.Rd1 Rc7 32.h4 Rc3 33.Nf3+ Kf6 34.Ke2 Rc5 
35.Bd3 Rc7 36.Nd4 Ke5 37.h5 Rc8 38.hxg6 hxg6 39.Rh1 Bxd4 40.f4+ Kf6 41.
exd4 Rc7 42.Kd2 Bc8 43.Bb5 Be6 44.Be2 Bc8 45.Rh8 Bb7 46.Re8 Re7 47.Rxe7 
Kxe7 48.Kc3 Bc8 49.b4 axb4+ 50.Kxb4 Kd6 51.Bb5 Ke6 52.Kc5 1-0

[Event "interzonal (w)"]
[Site "Subotica YUG"]
[Date "1991.??.??"]
[Round "1"]
[White "Madl, Ildiko"]
[Black "Qin Kanying"]
[Result "0-1"]
[WhiteElo "2380"]
[BlackElo "2265"]
[EventDate "1991.11.??"]
[PlyCount "102"]

1.e4 c5 2.Nf3 e6 3.d4 cxd4 4.Nxd4 a6 5.Bd3 Nf6 6.O-O d6 7.Qe2 Be7 8.Nd2 
Nbd7 9.f4 Nc5 10.N2f3 O-O 11.Kh1 Bd7 12.c3 Nxd3 13.Qxd3 Qc7 14.e5 Ng4 15.
Qe2 Rac8 16.h3 Nh6 17.Be3 Bc6 18.Rac1 Bxf3 19.Qxf3 dxe5 20.fxe5 Qxe5 21.
Bf4 Qf6 22.Qxb7 Nf5 23.Nxf5 exf5 24.Rce1 Bc5 25.Be5 Qh4 26.Qxa6 Rce8 27.
Qc6 Ba7 28.Bg3 Rxe1 29.Bxe1 Qe7 30.Bg3 Qe2 31.Re1 Qxb2 32.Bd6 Qd2 33.Rf1 
Qd3 34.Ra1 Rd8 35.Be7 Rb8 36.Bb4 h6 37.a4 Rd8 38.Qb5 Qc2 39.Qf1 Bb8 40.a5 
Ba7 41.Qf3 Rd7 42.Re1 Kh7 43.Rf1 g6 44.Qf4 Rd1 45.Qc4 Kg7 46.Kh2 Rd2 47.
Qc6 Bb8+ 48.Kh1 Rf2 49.Rg1 Qd3 50.Bf8+ Kg8 51.Bd6 Bxd6 0-1

[Event "interzonal (w)"]
[Site "Subotica YUG"]
[Date "1991.??.??"]
[Round "1"]
[White "Markovic-Jovanovic, Gordana"]
[Black "Litinskaya, Marta"]
[Result "0-1"]
[WhiteElo "2260"]
[BlackElo "2370"]
[EventDate "1991.11.??"]
[PlyCount "62"]

1.e4 c5 2.b3 Nc6 3.Bb2 d6 4.f4 Nf6 5.Nc3 a6 6.Nf3 e6 7.g3 Qc7 8.Bg2 Be7 9.
Qe2 Nd4 10.Qd3 Nxf3+ 11.Qxf3 Bd7 12.Qe2 Bc6 13.O-O O-O 14.e5 Bxg2 15.Kxg2 
dxe5 16.fxe5 Nd7 17.Rae1 Rac8 18.h3 c4 19.Rf4 cxb3 20.cxb3 b5 21.Qh5 Qb7+ 
22.Kh2 b4 23.Ne4 Rc2 24.Bd4 Qd5 25.Re2 f5 26.Nf6+ gxf6 27.exf6 Bxf6 28.
Bxf6 Nxf6 29.Qg5+ Kh8 30.Rxb4 Ne4 31.Qh6 Qd6 0-1

[Event "interzonal (w)"]
[Site "Subotica YUG"]
[Date "1991.??.??"]
[Round "1"]
[White "Matveeva, Svetlana"]
[Black "Jahn, Constanze"]
[Result "1/2-1/2"]
[WhiteElo "2325"]
[BlackElo "2175"]
[EventDate "1991.11.??"]
[PlyCount "122"]

1.Nf3 Nf6 2.g3 d5 3.Bg2 e6 4.O-O Be7 5.d3 O-O 6.Nbd2 c5 7.e4 Nc6 8.Re1 
dxe4 9.dxe4 e5 10.c3 b5 11.a4 b4 12.Qc2 Ba6 13.Bf1 Bxf1 14.Rxf1 Rc8 15.Nc4
Qc7 16.Bg5 Rfd8 17.Nh4 bxc3 18.bxc3 Ne8 19.Bxe7 Nxe7 20.Rad1 f6 21.Qa2 Kh8
22.Ng2 Rxd1 23.Rxd1 Rd8 24.Rb1 Nd6 25.Nxd6 Qxd6 26.Ne3 Qc6 27.Qc4 Nc8 28.
Nf5 g6 29.Ne3 Kg7 30.a5 Nd6 31.Qe6 Re8 32.Qd5 Qxd5 33.Nxd5 c4 34.f3 Rc8 
35.Rd1 Nb5 36.a6 Kf7 37.Rb1 Rc5 38.Rb4 f5 39.Kf2 Nd6 40.Ne3 fxe4 41.fxe4 
Nxe4+ 42.Kf3 Nd6 43.Rb8 Ra5 44.Rd8 Rxa6 45.Rd7+ Ke6 46.Rxh7 Ra3 47.Rg7 Kf6
48.Rd7 Nf5 49.Nd1 Nd4+ 50.Ke4 Nb5 51.h4 Nxc3+ 52.Nxc3 Rxc3 53.g4 Rg3 54.
Rd6+ Kf7 55.g5 Rg4+ 56.Kxe5 Rxh4 57.Rd7+ Ke8 58.Rxa7 Rh1 59.Kf6 c3 60.Rc7 
Rc1 61.Kxg6 c2 1/2-1/2

[Event "interzonal (w)"]
[Site "Subotica YUG"]
[Date "1991.??.??"]
[Round "1"]
[White "Basagic, Vesna"]
[Black "Sofieva, Ainur"]
[Result "1/2-1/2"]
[WhiteElo "2305"]
[BlackElo "2390"]
[EventDate "1991.11.??"]
[PlyCount "83"]

1.e4 e5 2.Nc3 Nf6 3.Bc4 Nc6 4.d3 Be7 5.f4 d6 6.Nf3 exf4 7.Bxf4 Na5 8.Bb3 
Nxb3 9.axb3 O-O 10.O-O d5 11.e5 Nh5 12.Bd2 f6 13.Qe2 Bg4 14.Ra4 d4 15.Nd1 
fxe5 16.Qxe5 Bd6 17.Qxd4 Bxf3 18.Rxf3 Rxf3 19.gxf3 Kh8 20.Qh4 Bc5+ 21.Be3 
Qd5 22.Bxc5 Qxc5+ 23.Nf2 Rf8 24.Rc4 Qe5 25.Re4 Qf5 26.Qg4 Qf7 27.Re5 Nf4 
28.Qg5 h6 29.Qg3 Qf6 30.Ng4 Qb6+ 31.Kf1 Qc6 32.Ne3 Nh5 33.Qg4 Rxf3+ 34.Ke2
Nf4+ 35.Ke1 Rxe3+ 36.Rxe3 Ng2+ 37.Kf2 Nxe3 38.Kxe3 Qc5+ 39.Ke4 Qb4+ 40.c4 
Qe7+ 41.Kf3 Qf6+ 42.Qf4 1/2-1/2

[Event "interzonal (w)"]
[Site "Subotica YUG"]
[Date "1991.??.??"]
[Round "1"]
[White "Paasikangas, Johanna"]
[Black "Voiska, Margarita"]
[Result "0-1"]
[WhiteElo "2130"]
[BlackElo "2335"]
[EventDate "1991.11.??"]
[PlyCount "74"]

1.d4 e6 2.c4 Nf6 3.Nf3 Bb4+ 4.Nbd2 O-O 5.a3 Be7 6.e3 b6 7.Bd3 Bb7 8.O-O c5
9.dxc5 bxc5 10.b3 d6 11.Bb2 Nbd7 12.Qc2 h6 13.Rad1 Qc7 14.h3 Bc6 15.Ne1 
Qb7 16.Bc3 d5 17.f4 Nb6 18.Nef3 dxc4 19.Nxc4 Nxc4 20.Bxc4 Nd5 21.Bd2 Nb6 
22.Be2 Rfd8 23.Bc3 Be4 24.Qb2 Bf8 25.Nh4 Nd5 26.Bd2 Be7 27.Nf3 Bf6 28.Ne5 
Bxg2 29.Rf2 Be4 30.Kh2 Rab8 31.Qc1 Bxe5 32.fxe5 Qc7 33.Qa1 Rxb3 34.Bc4 Rb7
35.Rdf1 f5 36.Rg1 Rdb8 37.Ba2 Rb2 0-1

[Event "interzonal (w)"]
[Site "Subotica YUG"]
[Date "1991.??.??"]
[Round "1"]
[White "Wang Pin"]
[Black "Amura, Claudia"]
[Result "1/2-1/2"]
[WhiteElo "2220"]
[BlackElo "2405"]
[EventDate "1991.11.??"]
[PlyCount "82"]

1.e4 c5 2.Nf3 Nc6 3.d4 cxd4 4.Nxd4 Nf6 5.Nc3 e5 6.Ndb5 d6 7.Bg5 a6 8.Na3 
b5 9.Bxf6 gxf6 10.Nd5 Bg7 11.Bd3 Ne7 12.Nxe7 Qxe7 13.O-O f5 14.Qh5 Rb8 15.
c4 fxe4 16.Bxe4 Bb7 17.Bxb7 Rxb7 18.Rad1 O-O 19.Rd5 Rc8 20.Rfd1 bxc4 21.
Rxd6 Rxb2 22.Qg4 f5 23.Qxf5 Rf8 24.Qh3 Qa7 25.Kh1 Qxf2 26.Rd8 Rd2 27.Rxf8+
Qxf8 28.Rg1 Rd4 29.Qe6+ Qf7 30.Qxa6 Bf8 31.Nb5 Rf4 32.Qc8 Rf1 33.h3 Rxg1+ 
34.Kxg1 Qd5 35.Nc7 Qd4+ 36.Kh1 Qd1+ 37.Kh2 Qd6 38.Ne6 e4+ 39.Kh1 Qd1+ 40.
Kh2 Qd6+ 41.Kh1 Qd1+ 1/2-1/2

[Event "interzonal (w)"]
[Site "Subotica YUG"]
[Date "1991.??.??"]
[Round "2"]
[White "Amura, Claudia"]
[Black "Jackson, Sheila"]
[Result "1-0"]
[WhiteElo "2405"]
[BlackElo "2190"]
[EventDate "1991.11.??"]
[PlyCount "99"]

1.d4 Nf6 2.c4 e6 3.Nc3 Bb4 4.Qc2 c5 5.Nf3 cxd4 6.Nxd4 Nc6 7.e3 O-O 8.Bd2 
d5 9.Nf3 dxc4 10.Bxc4 a6 11.a3 Bd6 12.Ne4 Nxe4 13.Qxe4 Qe7 14.Bc3 Bd7 15.
Rd1 Rad8 16.O-O b5 17.Ba2 b4 18.axb4 Bxb4 19.Rxd7 Rxd7 20.Bb1 g6 21.Qxc6 
Bxc3 22.Qxc3 Rc7 23.Qd3 a5 24.h4 Rd8 25.Qe4 Qf6 26.Ne5 Qf5 27.Nc6 Qxe4 28.
Bxe4 Rd2 29.b3 Ra2 30.Rd1 Rb7 31.Rd8+ Kg7 32.Nd4 Rc7 33.Ra8 Ra3 34.Kh2 Rd7
35.Bc6 Rd6 36.Nb5 Rxc6 37.Nxa3 Rb6 38.Rxa5 Rxb3 39.Nb5 Rb2 40.Kg3 Rd2 41.
Nd4 h6 42.f4 Rd3 43.Kf3 Rc3 44.Ra7 Kg8 45.g4 Rc5 46.Ke4 f5+ 47.gxf5 exf5+ 
48.Kf3 Kh8 49.h5 gxh5 50.Rf7 1-0

[Event "interzonal (w)"]
[Site "Subotica YUG"]
[Date "1991.??.??"]
[Round "2"]
[White "Botsari, Anna-Maria"]
[Black "Vuksanovic, Sanja"]
[Result "1/2-1/2"]
[WhiteElo "2285"]
[BlackElo "2150"]
[EventDate "1991.11.??"]
[PlyCount "63"]

1.d4 e6 2.c4 Nf6 3.Nc3 Bb4 4.Qc2 O-O 5.a3 Bxc3+ 6.Qxc3 b6 7.f3 c5 8.dxc5 
bxc5 9.Bg5 a5 10.e3 d6 11.Bd3 Nbd7 12.Ne2 Qb6 13.O-O h6 14.Bh4 Rb8 15.Rab1
Ba6 16.b3 d5 17.Rfd1 Rb7 18.Bf2 Rfb8 19.cxd5 Nxd5 20.Qc2 Bxd3 21.Qxd3 Qb5 
22.Qc2 a4 23.Nc1 axb3 24.Rxb3 Qa4 25.Rb2 Qxa3 26.Rxb7 Rxb7 27.Nd3 Qb3 28.
Qxb3 Rxb3 29.e4 Nc3 30.Nxc5 Nxc5 31.Rd8+ Kh7 32.Bxc5 1/2-1/2

[Event "interzonal (w)"]
[Site "Subotica YUG"]
[Date "1991.??.??"]
[Round "2"]
[White "Foisor, Cristina"]
[Black "Matveeva, Svetlana"]
[Result "1/2-1/2"]
[WhiteElo "2350"]
[BlackElo "2325"]
[EventDate "1991.11.??"]
[PlyCount "50"]

1.c4 g6 2.g3 Bg7 3.Bg2 e5 4.Nc3 Ne7 5.Nf3 c5 6.d3 Nbc6 7.O-O O-O 8.Rb1 d6 
9.a3 a5 10.Ne1 Be6 11.Nc2 d5 12.cxd5 Nxd5 13.Ne4 b6 14.Ng5 Bc8 15.Ne3 Nde7
16.b4 axb4 17.axb4 cxb4 18.Bd2 Ra2 19.Bxb4 Nxb4 20.Rxb4 Nf5 21.Nxf5 Bxf5 
22.Ne4 Qc7 23.Qb1 Rxe2 24.Rxb6 Qc2 25.Qb5 Bxe4 1/2-1/2

[Event "interzonal (w)"]
[Site "Subotica YUG"]
[Date "1991.??.??"]
[Round "2"]
[White "Galliamova, Alisa"]
[Black "Demina, Yulia"]
[Result "1-0"]
[WhiteElo "2435"]
[BlackElo "2370"]
[EventDate "1991.11.??"]
[PlyCount "81"]

1.d4 Nf6 2.c4 e6 3.Nc3 Bb4 4.g3 d5 5.Bg2 O-O 6.Nf3 dxc4 7.O-O Nc6 8.Bg5 h6
9.Bxf6 Qxf6 10.e3 Rd8 11.Nd2 Bd7 12.Nxc4 Rab8 13.Ne4 Qg6 14.a3 Bf8 15.b4 
b5 16.Nb2 a5 17.Nc5 Bxc5 18.bxc5 Ne7 19.Nd3 f6 20.Qd2 a4 21.Nf4 Qf7 22.Qa5
Rdc8 23.Qa6 e5 24.dxe5 fxe5 25.Nd3 Qf5 26.Rad1 Be8 27.e4 Qf6 28.Qxf6 gxf6 
29.Nb4 Kg7 30.Bh3 Rd8 31.Na6 Rxd1 32.Rxd1 Rb7 33.Rd8 Bc6 34.f3 f5 35.exf5 
Bxf3 36.f6+ Kxf6 37.Rf8+ Kg7 38.Rxf3 Nc6 39.Nb4 Nxb4 40.axb4 c6 41.Rd3 1-0

[Event "interzonal (w)"]
[Site "Subotica YUG"]
[Date "1991.??.??"]
[Round "2"]
[White "Kachiani, Ketino"]
[Black "MacArthur, Beatriz"]
[Result "1/2-1/2"]
[WhiteElo "2345"]
[BlackElo "2185"]
[EventDate "1991.11.??"]
[PlyCount "82"]

1.d4 Nf6 2.c4 g6 3.Nc3 Bg7 4.e4 d6 5.Be2 O-O 6.Bg5 c5 7.d5 h6 8.Be3 e6 9.
Qd2 exd5 10.cxd5 Re8 11.f3 h5 12.a4 Nh7 13.Bd1 Na6 14.Nge2 f5 15.O-O Nb4 
16.a5 Bf6 17.Ba4 Re5 18.f4 Rxe4 19.Nxe4 fxe4 20.Nc3 Bf5 21.Bb5 Bg7 22.Bf2 
e3 23.Bxe3 Nc2 24.Ra4 Nxe3 25.Qxe3 Nf6 26.h3 a6 27.Bd3 Bd7 28.Bxg6 Bxa4 
29.Qe6+ Kh8 30.Nxa4 Qxa5 31.Nc3 Qb4 32.Qe2 Qd4+ 33.Kh1 b5 34.h4 b4 35.Ne4 
Nxe4 36.Qxh5+ Kg8 37.Qh7+ Kf8 38.Bxe4 Re8 39.Bf3 Qxb2 40.f5 Qf6 41.g4 Qc3 
1/2-1/2

[Event "interzonal (w)"]
[Site "Subotica YUG"]
[Date "1991.??.??"]
[Round "2"]
[White "Levitina, Irina"]
[Black "Chelushkina, Irina"]
[Result "1/2-1/2"]
[WhiteElo "2370"]
[BlackElo "2305"]
[EventDate "1991.11.??"]
[PlyCount "98"]

1.d4 d5 2.Nf3 c5 3.e3 e6 4.c4 Nf6 5.a3 a6 6.dxc5 Bxc5 7.b4 Be7 8.Nbd2 O-O 
9.Bb2 a5 10.b5 Nbd7 11.Be2 Nc5 12.O-O a4 13.Qc2 b6 14.cxd5 Nxd5 15.Nc4 Bd7
16.Rad1 Qe8 17.Rxd5 exd5 18.Nxb6 Rb8 19.Nxd5 Bd6 20.Ng5 f5 21.Qc4 Ne6 22.
Qh4 Nxg5 23.Qxg5 Qg6 24.Qxg6 hxg6 25.Nc3 Rfc8 26.Nxa4 Bxb5 27.Bxb5 Rxb5 
28.Bd4 Bxa3 29.Nc3 Rb3 30.Ne2 Rc2 31.Nf4 Kf7 32.h4 Be7 33.g3 g5 34.hxg5 
Bxg5 35.Ra1 Rb7 36.Ra6 Bxf4 37.exf4 Rd7 38.Be3 Ke7 39.Ra3 Rdc7 40.Kg2 R2c3
41.Ra5 g6 42.Kf3 R7c6 43.Rb5 Ke6 44.Ra5 Rd3 45.Re5+ Kd6 46.Ra5 Rd5 47.Ra8 
Rb5 48.Rd8+ Kc7 49.Ra8 Kd7 1/2-1/2

[Event "interzonal (w)"]
[Site "Subotica YUG"]
[Date "1991.??.??"]
[Round "2"]
[White "Litinskaya, Marta"]
[Black "Qin Kanying"]
[Result "1/2-1/2"]
[WhiteElo "2370"]
[BlackElo "2265"]
[EventDate "1991.11.??"]
[PlyCount "59"]

1.Nf3 Nf6 2.c4 g6 3.Nc3 d5 4.cxd5 Nxd5 5.g3 Bg7 6.Bg2 O-O 7.O-O Nc6 8.d4 
Nb6 9.d5 Na5 10.Qc2 Nxd5 11.Rd1 c6 12.e4 Nb4 13.Qa4 b5 14.Rxd8 bxa4 15.
Rxf8+ Kxf8 16.Nxa4 Nc4 17.Bf1 Bg4 18.Kg2 Bxf3+ 19.Kxf3 Ne5+ 20.Kg2 Rd8 21.
Bf4 Ned3 22.Bxd3 Nxd3 23.Be3 Nxb2 24.Nxb2 Bxb2 25.Rb1 Bd4 26.Bxd4 Rxd4 27.
Rb8+ Kg7 28.Rb7 Ra4 29.Rxe7 Rxa2 30.Rc7 1/2-1/2

[Event "interzonal (w)"]
[Site "Subotica YUG"]
[Date "1991.??.??"]
[Round "2"]
[White "Madl, Ildiko"]
[Black "Maksimovic, Suzana"]
[Result "1-0"]
[WhiteElo "2380"]
[BlackElo "2290"]
[EventDate "1991.11.??"]
[PlyCount "81"]

1.e4 c5 2.Nf3 Nc6 3.d4 cxd4 4.Nxd4 Nf6 5.Nc3 e5 6.Ndb5 d6 7.Bg5 a6 8.Na3 
b5 9.Bxf6 gxf6 10.Nd5 f5 11.Bd3 Be6 12.Qh5 f4 13.g3 Rg8 14.gxf4 Bg4 15.
Qxh7 Rg7 16.Qh8 Nd4 17.Kf1 Rg6 18.h3 Be6 19.fxe5 dxe5 20.Qxe5 Bg7 21.Nc7+ 
Kd7 22.Nxe6 fxe6 23.Qf4 Rf6 24.Qg3 Qf8 25.Be2 Kc6 26.Qc3+ Qc5 27.Qxc5+ 
Kxc5 28.c3 Nxe2 29.Kxe2 Raf8 30.Raf1 Rf4 31.f3 b4 32.cxb4+ Kxb4 33.Nc2+ 
Kc5 34.Rhg1 Bh6 35.Rg6 Rh4 36.Rxe6 Rxh3 37.Re5+ Kb6 38.Rd5 Rh2+ 39.Rf2 Rh1
40.Rg2 Rc8 41.Rg6+ 1-0

[Event "interzonal (w)"]
[Site "Subotica YUG"]
[Date "1991.??.??"]
[Round "2"]
[White "Maric, Mirjana"]
[Black "Csonkics, Tunde"]
[Result "1-0"]
[WhiteElo "2250"]
[BlackElo "2320"]
[EventDate "1991.11.??"]
[PlyCount "83"]

1.e4 c5 2.Nf3 d6 3.d4 cxd4 4.Nxd4 Nf6 5.Nc3 a6 6.f4 Qc7 7.Be2 e6 8.Bf3 Be7
9.O-O O-O 10.Be3 Nc6 11.Nxc6 bxc6 12.Na4 Rb8 13.c4 c5 14.Qc2 Bb7 15.Nc3 
Rfd8 16.Rad1 Ne8 17.Rd3 Bc6 18.b3 Bf6 19.Rfd1 Qb7 20.Bf2 g6 21.Qe2 Qc7 22.
Re3 Qa5 23.e5 Bxf3 24.Qxf3 Be7 25.Red3 Qa3 26.Qe2 Qa5 27.Ne4 dxe5 28.fxe5 
Rxd3 29.Rxd3 Qc7 30.Qd1 Qc6 31.Qf3 Qc7 32.Bg3 Qb7 33.Nf6+ Bxf6 34.exf6 
Qxf3 35.gxf3 Rc8 36.Be5 h5 37.Rd7 g5 38.h3 Kh7 39.Rxf7+ Kg6 40.Rf8 Rd8 41.
Kf2 Kf5 42.f7 1-0

[Event "interzonal (w)"]
[Site "Subotica YUG"]
[Date "1991.??.??"]
[Round "2"]
[White "Nutu-Gajic, Daniela"]
[Black "Markovic-Jovanovic, Gordana"]
[Result "1-0"]
[WhiteElo "2310"]
[BlackElo "2260"]
[EventDate "1991.11.??"]
[PlyCount "47"]

1.d4 d5 2.c4 e6 3.Nf3 Be7 4.Nc3 f5 5.Bf4 c6 6.e3 Nf6 7.Bd3 O-O 8.h3 Ne4 9.
g4 Bd7 10.gxf5 exf5 11.cxd5 Nxc3 12.bxc3 cxd5 13.Kd2 Kh8 14.Qb3 Bc6 15.
Rhg1 Na6 16.Rg3 Nc7 17.Rag1 Ne8 18.Qb1 g6 19.Ne5 Ng7 20.Nxg6+ hxg6 21.Rxg6
Bf6 22.Bb5 Qb6 23.Rh6+ Kg8 24.Bxc6 1-0

[Event "interzonal (w)"]
[Site "Subotica YUG"]
[Date "1991.??.??"]
[Round "2"]
[White "Koskela, Niina"]
[Black "Veroci-Petronic, Zsuzsa"]
[Result "0-1"]
[WhiteElo "2110"]
[BlackElo "2320"]
[EventDate "1991.11.??"]
[PlyCount "134"]

1.e4 c5 2.Nf3 e6 3.d4 cxd4 4.Nxd4 a6 5.Nc3 Qc7 6.Be2 b5 7.a3 Bb7 8.O-O Nf6
9.Bf3 d6 10.Nb3 Nbd7 11.Bf4 Be7 12.Qe2 Ne5 13.Bxe5 dxe5 14.Qe3 O-O 15.Be2 
Nd7 16.Bd3 Rac8 17.Rad1 Nc5 18.Nc1 f5 19.Kh1 Rf6 20.f3 Rcf8 21.Be2 f4 22.
Qd2 Bc6 23.Bd3 Rh6 24.N3e2 Rd8 25.Qc3 Na4 26.Qb3 Rb8 27.Nc3 Bc5 28.Nxa4 
bxa4 29.Qc4 Qe7 30.h3 Bb5 31.Qc3 Bd4 32.Qa5 Bxb2 33.Bxb5 axb5 34.Nd3 Bd4 
35.c3 Be3 36.Nxe5 Qg5 37.Ng4 Rg6 38.Qc7 Rf8 39.Qd6 h5 40.Nxe3 fxe3 41.Rg1 
e2 42.Rde1 Qe3 43.Qe5 Rxf3 44.gxf3 Qxf3+ 45.Kh2 Qf2+ 46.Kh1 Rxg1+ 47.Rxg1 
Qxg1+ 48.Kxg1 e1=Q+ 49.Kg2 Qe2+ 50.Kg3 Kf7 51.Qf4+ Kg6 52.Qe5 Qe3+ 53.Kh2 
Qf2+ 54.Kh1 Qf1+ 55.Kh2 Qf6 56.Qg3+ Kh7 57.Qe3 Qe5+ 58.Kg2 g5 59.Qd3 Kg6 
60.Qf3 Qd6 61.Qe2 Qe5 62.Qf3 Qd6 63.Qe2 Qc5 64.Qd3 Qc4 65.Qf3 Qa2+ 66.Kg3 
h4+ 67.Kg4 Qh2 0-1

[Event "interzonal (w)"]
[Site "Subotica YUG"]
[Date "1991.??.??"]
[Round "2"]
[White "Sofieva, Ainur"]
[Black "Wang Pin"]
[Result "0-1"]
[WhiteElo "2390"]
[BlackElo "2220"]
[EventDate "1991.11.??"]
[PlyCount "148"]

1.e4 c5 2.Nf3 d6 3.c3 Nf6 4.h3 g6 5.Bd3 Bg7 6.O-O O-O 7.Bc2 e5 8.d4 exd4 
9.cxd4 Nc6 10.d5 Nb4 11.Nc3 Nxc2 12.Qxc2 a6 13.a4 Rb8 14.Bg5 Qc7 15.Qd2 
Nd7 16.Bh6 b5 17.Bxg7 Kxg7 18.axb5 axb5 19.b4 cxb4 20.Qd4+ Nf6 21.Qxb4 Bd7
22.Rfc1 Rfc8 23.Nd2 Qb6 24.Rab1 Rc5 25.Re1 Qc7 26.Re3 Rc8 27.Rb3 Be8 28.
Qd4 Qd8 29.f4 Kg8 30.g4 h5 31.g5 Nh7 32.h4 Qd7 33.Rf3 Qa7 34.Kf2 Qa5 35.
Rb4 Qc7 36.Ne2 Rc2 37.e5 Qd7 38.Qd3 Qa7+ 39.Re3 Qa5 40.Rd4 Qc7 41.exd6 Qd8
42.Rde4 Bd7 43.Nd4 R2c3 44.Qxc3 Rxc3 45.Rxc3 Qa5 46.Rc2 Qa3 47.N2b3 Qxd6 
48.Rc5 Qa6 49.Re2 b4 50.Nc6 Qd3 51.Re3 Qd1 52.Ne5 Ba4 53.Rd3 Qh1 54.d6 
Qxh4+ 55.Ke3 Nf8 56.Nf3 Qh3 57.Nd4 b3 58.Rd2 Qf1 59.Ra5 Qc4 60.Rd3 b2 61.
Nd2 Qc1 62.Rxa4 b1=Q 63.Ne2 Qc5+ 64.Rad4 Qe1 65.Nf3 Qf1 66.Rc3 Qxe2+ 67.
Kxe2 Qxc3 68.d7 Qb2+ 69.Ke3 Qc1+ 70.Nd2 Qc3+ 71.Rd3 Qc5+ 72.Kf3 Nxd7 73.
Rxd7 Qc6+ 74.Ne4 f5 0-1

[Event "interzonal (w)"]
[Site "Subotica YUG"]
[Date "1991.??.??"]
[Round "2"]
[White "Voiska, Margarita"]
[Black "Ioseliani, Nana"]
[Result "1/2-1/2"]
[WhiteElo "2335"]
[BlackElo "2470"]
[EventDate "1991.11.??"]
[PlyCount "90"]

1.d4 d6 2.Nf3 f5 3.g3 g6 4.Bg2 Bg7 5.O-O Nh6 6.c3 Nf7 7.Ng5 Nxg5 8.Bxg5 h6
9.Bf4 e5 10.dxe5 dxe5 11.Bd2 c6 12.e4 O-O 13.exf5 gxf5 14.Qh5 Qf6 15.f4 e4
16.Be3 Be6 17.Rd1 Na6 18.Na3 Qe7 19.Bf1 Nc5 20.Nc4 Nd3 21.Bxd3 exd3 22.Ne5
Rad8 23.Qf3 Bd5 24.Qf2 Bxe5 25.fxe5 Qxe5 26.c4 Be4 27.Bxh6 Rfe8 28.Rd2 Qd4
29.Rc1 Bf3 30.Qxd4 Rxd4 31.Rf2 Bg4 32.Bd2 Bh3 33.b3 Rde4 34.Rd1 Re2 35.a4 
Rxf2 36.Kxf2 Re2+ 37.Kg1 c5 38.Be1 Kf7 39.Bf2 Rb2 40.Bxc5 b6 41.Bd4 Rxb3 
42.Kf2 Bg4 43.Rd2 Ke6 44.Ke3 Be2 45.a5 bxa5 1/2-1/2

[Event "interzonal (w)"]
[Site "Subotica YUG"]
[Date "1991.??.??"]
[Round "3"]
[White "Chelushkina, Irina"]
[Black "Koskela, Niina"]
[Result "1-0"]
[WhiteElo "2305"]
[BlackElo "2110"]
[EventDate "1991.11.??"]
[PlyCount "81"]

1.g3 e5 2.Bg2 Nf6 3.c4 c6 4.Nf3 e4 5.Nd4 d5 6.cxd5 Qxd5 7.Nc2 Qh5 8.Ne3 
Bh3 9.Bxh3 Qxh3 10.Qc2 Nbd7 11.Nc3 Qe6 12.b3 Bc5 13.Bb2 Bxe3 14.fxe3 O-O 
15.O-O-O b5 16.Rdf1 b4 17.Na4 Nd5 18.g4 c5 19.Kb1 Rac8 20.Qc4 Nc7 21.Rc1 
Nb6 22.Qxc5 Nxa4 23.bxa4 Qa6 24.Qc4 Qxa4 25.Qxe4 Ne6 26.Rhf1 a5 27.Qf5 
Rcd8 28.d4 Qd7 29.Rfd1 Qd5 30.h4 g6 31.Qd3 f6 32.e4 Qd7 33.d5 Nc7 34.g5 
Nb5 35.gxf6 a4 36.Rc5 Nc3+ 37.Rxc3 bxc3 38.f7+ Kxf7 39.Qxc3 Ke8 40.d6 Qe6 
41.d7+ 1-0

[Event "interzonal (w)"]
[Site "Subotica YUG"]
[Date "1991.??.??"]
[Round "3"]
[White "Demina, Yulia"]
[Black "Botsari, Anna-Maria"]
[Result "1-0"]
[WhiteElo "2370"]
[BlackElo "2285"]
[EventDate "1991.11.??"]
[PlyCount "120"]

1.c4 e6 2.g3 d5 3.Bg2 Nf6 4.Nf3 Be7 5.O-O O-O 6.d4 dxc4 7.Qc2 a6 8.a4 Bd7 
9.Qxc4 Bc6 10.Bg5 Nbd7 11.Nc3 a5 12.Rfe1 Nb6 13.Qd3 Nbd5 14.Ne5 Nb4 15.Qd1
Bxg2 16.Kxg2 h6 17.Be3 c5 18.Rc1 Nfd5 19.Nxd5 Qxd5+ 20.Nf3 cxd4 21.Bxd4 
Rac8 22.e4 Rxc1 23.Qxc1 Qc6 24.Qxc6 Nxc6 25.Bb6 Bd8 26.Bc5 Re8 27.Rd1 Be7 
28.Bb6 Bd8 29.Be3 Bf6 30.Rd7 Re7 31.Rd2 Re8 32.b3 Rd8 33.Rxd8+ Bxd8 34.Kf1
Kf8 35.Ke2 Ke8 36.Kd3 Kd7 37.Kc4 Bf6 38.g4 Kc7 39.Kb5 Bc3 40.h4 Kb8 41.h5 
Ne7 42.Bd4 Bxd4 43.Nxd4 Kc7 44.Kxa5 Nc8 45.Nb5+ Kc6 46.Kb4 Nb6 47.Kc3 Nd7 
48.b4 g6 49.Nd4+ Kd6 50.Nf3 gxh5 51.gxh5 f5 52.exf5 exf5 53.Nd4 Ke5 54.a5 
Nf6 55.b5 Nxh5 56.a6 bxa6 57.bxa6 Nf6 58.a7 Nd5+ 59.Kc4 Nc7 60.Kc5 h5 1-0

[Event "interzonal (w)"]
[Site "Subotica YUG"]
[Date "1991.??.??"]
[Round "3"]
[White "Ioseliani, Nana"]
[Black "Galliamova, Alisa"]
[Result "1-0"]
[WhiteElo "2470"]
[BlackElo "2435"]
[EventDate "1991.11.??"]
[PlyCount "61"]

1.Nf3 Nf6 2.c4 e6 3.Nc3 Bb4 4.g3 b6 5.Bg2 Bb7 6.d3 O-O 7.e4 d5 8.e5 d4 9.
a3 dxc3 10.axb4 Ng4 11.O-O cxb2 12.Bxb2 c5 13.b5 a6 14.Nh4 Bxg2 15.Kxg2 
Nh6 16.d4 Nd7 17.bxa6 Qc7 18.d5 Ra7 19.Re1 Rfa8 20.Bc1 Nxe5 21.Bf4 f6 22.
Bxh6 gxh6 23.dxe6 Rd8 24.Qe2 Qc6+ 25.Kg1 Re8 26.f4 Ng6 27.Nf5 Kh8 28.Rad1 
Rg8 29.Qb2 Nxf4 30.Qxf6+ Rag7 31.Qxg7+ 1-0